Sortu zaizkidanak / (Record no. 59521)

MARC details
000 -LEADER
campo de control de longitud fija 00440nam a2200157 i 4500
001 - NÚMERO DE CONTROL
campo de control 59521
003 - IDENTIFICADOR DE NÚMERO DE CONTROL
campo de control ES-MaACL
005 - FECHA Y HORA DE LA ÚLTIMA TRANSACCIÓN
campo de control 20230906164040.0
007 - CAMPO FIJO DE DESCRIPCIÓN FÍSICA--INFORMACIÓN GENERAL
campo de control de longitud fija t|
008 - DATOS DE LONGITUD FIJA--INFORMACIÓN GENERAL
campo de control de longitud fija 031029s1973 sp ||||1| baq d
100 1# - ENTRADA PRINCIPAL--NOMBRE DE PERSONA
Nombre de persona Eizmendi, Ignacio.
9 (RLIN) 46880
245 10 - MENCIÓN DEL TÍTULO
Título Sortu zaizkidanak /
Mención de responsabilidad, etc. Iñaki Eizmendi, Basarri [seud.].
260 ## - PUBLICACIÓN, DISTRIBUCIÓN, ETC.
Lugar de publicación, distribución, etc. Tolosa [Guipúzcoa] :
Nombre del editor, distribuidor, etc. Auspoa,
Fecha de publicación, distribución, etc. [1973]
300 ## - DESCRIPCIÓN FÍSICA
Extensión 151 p. ;
Dimensiones 18 cm.
852 ## - LOCALIZACIÓN
Ubicación ES-MaACL
Número de control de estantería C-50045
Sublocalización o colección R.84774
Holdings
Estatus retirado Estado de pérdida Estado de daño No para préstamo Biblioteca de origen Biblioteca actual Ubicación en estantería Fecha de adquisición Fuente de adquisición Total de préstamos Signatura topográfica completa Código de barras Visto por última vez Precio de reemplazo Tipo de ítem Koha
        Biblioteca del Ateneo de Madrid Biblioteca del Ateneo de Madrid Depósito 2 17/01/2008     C-50045 1062429 23/02/2023 23/02/2023 Libro impreso